Asesinato en el canadian express / (Registro nro. 9671)

Detalles MARC
000 -LIDER
fixed length control field 00823nam a22002897a 4500
001 - NÚMERO DE CONTROL
Identificador de número de control 000263
003 - IDENTIFICACDOR DE NÚMERO DE CONTROL
control field DO-SdBNP
005 - DATE AND TIME OF LATEST TRANSACTION
control field 20180220114019.0
007 - CAMPOS FIJOS DE DESCRIPCIÓN FÍSICA
fixed length control field 000263
008 - ELEMENTOS DE LONGITUD FIJA
fixed length control field 151029b 2001 sp a 00| 0 spa d
020 ## - ISBN
International Standard Book Number 8434811219
040 ## - FUENTE DE CATALOGACIÓN
Agencia que crea de manera original el registro BPMSU
Idioma de catalogación spa
Agencia que realiza la transcripción BPMSU
100 ## - ASIENTO PRINCIPAL -- NOMBRE PERSONAL
Nombre personal Wilson, Eric Hamilton,
Fechas asociadas con el nombre 1940-
245 ## - MENCIÓN DE TITULO
Título Asesinato en el canadian express /
Subtítulo Eric Wilson ; traducción Pedro Barbadillo
250 ## - MENCIÓN DE EDICION
Mención de edición 27a. ed.
260 ## - PUBLICACIÓN, DISTRIBUCIÓN, ETC. (PIE DE IMPRENTA)
Lugar de publicación, distribución, etc Madrid :
Nombre del editor, distribuidor, etc. SM,
Fecha de publicación, distribución, etc 2001.
300 ## - DESCRIPCIÓN FÍSICA
Extensión 159 p. :
Otros detalles físicos il.
Medida de la unidad 20 cm
490 0# - MENCIÓN DE SERIES
Mención de serie El barco de vapor
Volume/sequential designation 15
490 0# - MENCIÓN DE SERIES
Mención de serie Naranja
500 ## - NOTA GENERAL
Materiales especificados Para niño a partir de 7 años
700 ## - ASIENTO SECUNDARIO -- NOMBRE PERSONAL
Nombre personal Barbadillo, Pedro
Mención de responsabilidad tr.
830 ## - ASIENTO SECUNDARIO DE SERIE--TÍTULO UNIFORME
Título uniforme El barco de vapor
Volume number/sequential designation 15
830 #0 - ASIENTO SECUNDARIO DE SERIE--TÍTULO UNIFORME
Título uniforme Naranja
942 ## - ADDED ENTRY ELEMENTS (KOHA)
Source of classification or shelving scheme Dewey Decimal Classification
Koha item type Libros
945 ## - INFORMACIÓN DE PROCESAMIENTO LOCAL
Información de procesamiento local Inventariado, 2018/ YL
956 ## - LOCAL ELECTRONIC LOCATION AND ACCESS (OCLC)
Nombre de host VMATEO
Método de acceso 10
Materiales especificados 20160411
Enlace BPMSU
Campo enlazado y núm. de secuencia 0069
Existencias
Withdrawn status Lost status Source of classification or shelving scheme Damaged status Not for loan Collection code Home library Current library Date acquired Source of acquisition Total Checkouts Barcode Date last seen Price effective from Koha item type
    Dewey Decimal Classification     Colección Infantil General Biblioteca Pública Metropolitana Salomé Ureña Biblioteca Pública Metropolitana Salomé Ureña 04/11/2016 FUNDI   BPMSU16040278 04/11/2016 04/11/2016 Libros